00599nam a2200193Ia 4500001001000000003000500010008004100015010001100056040000900067082001700076100001500093245005600108260008400164300001000248440002700258500004600285650002300331650005100354Para_7378CHAP220125s1941 xx 000 0 und d a206305 cCHAP aPA-C 634 B84 aHunt, E.M. aGrowing strawberries in Minnesota /c by E.M. Hunt aSt. Paul, Minnesota :b University of Minnesota. Agricultural Extension Service a20 p. aExtension bulletin; 72 aEncuadernado con otros impresos similares aFresa x Minnesota aFrutas y legumbres x colecciones de escritos